000 00461nam a2200169Ia 4500
008 240729s9999 xx 000 0 und d
022 _a2118-9773
245 0 _aEuropean Journal of Taxonomy
260 _aFrance
260 _bConsortium of European Natural History Museums
650 _a Botany
650 _a Zoology | Science
650 _aScience
856 _uhttps://doaj.org/toc/3ce203188e98448cbc18e51b320860c1
942 _2ddc
942 _cDOAJEJ
999 _c66201
_d66201
945 _a1
_bMadushi Gamage
_c1
_dMadushi Gamage